00643nam a22002177a 450000500170000001000230001702000260004003500170006603500140008303500130009703700170011003700130012708200120014010000200015224500480017225000120022026000500023227000670028230000420034950000340039120170504145018.0 a1617EN ENG-116949 a9780198072393c655.00 aB-651521-526 aEN-100481 aB-666241 bPragatiadpl bDBAD/PUB a910.285 aBhatta, Basudeb aRemote sensing and GIS /cby Basudeb Bhatta a2nd ed. c2015 (rp)aNew DelhibOxford University Press aYMCA Library Building, 1, Jai Singh Road, bNew Delhie110001. c24cm(pbk)axxiv, 716p.bcolour illus. aIncludes references and index